A demenciák klinikuma és terápiája

Elmentve itt :
Bibliográfiai részletek
Szerző: Janka Zoltán
Dokumentumtípus: Cikk
Megjelent: 2001
Sorozat:MEDICUS UNIVERSALIS 34 No. 1
Tárgyszavak:
mtmt:1313829
Online Access:http://publicatio.bibl.u-szeged.hu/31223
LEADER 00618nab a2200193 i 4500
001 publ31223
005 20241213154626.0
008 241213s2001 hu o 000 hun d
022 |a 0133-1973 
024 7 |a 1313829  |2 mtmt 
040 |a SZTE Publicatio Repozitórium  |b hun 
041 |a hun 
100 1 |a Janka Zoltán 
245 1 2 |a A demenciák klinikuma és terápiája  |h [elektronikus dokumentum] /  |c  Janka Zoltán 
260 |c 2001 
300 |a 40-45 
490 0 |a MEDICUS UNIVERSALIS  |v 34 No. 1 
650 4 |a Klinikai orvostan 
856 4 0 |u http://publicatio.bibl.u-szeged.hu/31223/3/aok_klny_388_01%282%29.pdf  |z Dokumentum-elérés